[Event "St Petersburg vs NAO"]
[Site "Internet INT"]
[Date "2003.05.28"]
[Round "2"]
[White "Korchnoi,V"]
[Black "Fressinet,L"]
[Result "1-0"]
[WhiteElo "2632"]
[BlackElo "2595"]
[EventDate "2003.05.28"]

1. d4 d5 2. c4 c6 3. Nf3 Nf6 4. e3 e6 5. Bd3 Nbd7 6. O-O Bd6 7. Nbd2 O-O 8.
e4 e5 9. cxd5 cxd5 10. exd5 exd4 11. Nc4 Nb6 12. Nxd6 Qxd6 13. Bc2 Bg4 14.
Qxd4 Qxd5 15. Qxd5 Nbxd5 16. Bd2 Rfe8 17. Rfe1 h6 18. Nd4 Bd7 19. f3 Nb6
20. b3 Rac8 21. Rxe8+ Rxe8 22. Kf2 Rd8 23. Rd1 Rc8 24. Bd3 Nbd5 25. Nf5 Bc6
26. Ne3 Nxe3 27. Bxe3 a6 28. Bc4 Bb5 29. Bxb5 axb5 30. Rd2 Kf8 31. Bd4 Rc6
32. Bxf6 Rxf6 33. Rd7 Rb6 34. g4 b4 35. h4 g5 36. h5 Kg7 37. f4 gxf4 38.
Kf3 Rb5 39. Kxf4 Kf6 40. Rc7 Ke6 41. Rc8 Kf6 42. Re8 Ra5 43. Re4 Rb5 44.
Rd4 Ke6 45. Ke4 Kf6 46. Kf4 Ke6 47. Rd8 Kf6 48. Rd6+ Kg7 49. Ke3 Rg5 50.
Rd4 Rb5 51. Rf4 Kg8 52. Kd3 Kg7 53. Kc4 Ra5 54. Kxb4 Rxa2 55. Kc5 Ra6 56.
Rb4 Rc6+ 57. Kd5 Rc3 58. Rxb7 Rg3 59. b4 Rxg4 60. b5 Kf6 61. b6 Rb4 62. Kc5
Rb1 63. Rd7 Kg5 64. Rd5+ f5 65. Kc6 Kxh5 66. Rb5 Re1 67. b7 Re8 68. b8=Q
Rxb8 69. Rxb8 Kg4 70. Kd5 h5 71. Kd4 1-0